02515nam a22005657a 4500003000900000005001700009008004100026040002800067041001300095044000700108110003700115245016100152260007500313300003900388500008000427505001100507505005200518505002500570505002700595505005500622505004000677505005100717505004800768505003800816505004100854505003900895505006100934505003700995505004101032505005101073505003201124505004301156505005601199520033601255600001901591600002201610600001901632600002301651600002101674600002501695600003101720600002401751650002501775650001401800650002601814650002601840651003301866653002401899653002601923AR-RoUNA20260303084802.0260302b |||||||| |||| 00| 0 spa d aAR-RoUNAbspadAR-RoUNA aspahspa aag aCentro de Arquitectos de Rosario10aCiudad de Rosario destino urbanistico de los terrenos del ex Molino Yerbatero Martin :bconfrontacion de ideas y debates /cCentro de Arquitectos de Rosario aRosario, Santa , Argentina : bCentro de Arquitectos de Rosario,c198? a35 p.bfot. byn.bplanosc35x23 cm aMat. Bibl. extraido: Biblioteca Personal Arq. Adrian Caballero / Caja Nº190 tINDICE0 t1. Introduccion y Consideraciones Generales p.40 a1.1 Presentacion p.40 a1.2 Fundamentacion p.40 a1.3 Objetivos particulares de la confrontacion p.50 a1.4 Parametros de la propuesta p.6 0 a1.5 Consideraciones particulares del sitio p.70 t2. Informacion y Documentacion Grafica p.110 a2.1 Reglamentacion Municipal p.110 a2.2 Notas historicas del sector p.200 a2.3 Documentacion fotografica p.240 a2.4 Planos de ubicacion y relevamiento planimetrico p.290 a2.5 Axonometria del entorno p.310 a2.6 Plano catastral del terreno p.320 t3. Reglamento y Modelo dela Confrontacion p.330 a3.1 Aspectos generales p.330 a3.2 Presentacion delas propuestas p.340 a3.3 Publicacion de los trabajos y conclusiones p.353 aEste documento institucional con alto valor valor historico-local, fue producido en contexto de debates profesionales, articulando discurso tecnico, legitimacion institucional y memoria urbana. El C.A.R (Centro de Arquitectos de Rosario); agredece la coloboracion del Arq. Oscar Mongsfeld en documentacion historica y planimetria. 14aBehar, Roberto14aCaballero, Adrian14aMonzon, Jackie14aPampinella, Silvia14aQuiroga, Horacio14aRodriguez, Ana Maria14aSarrabayrouse, Juan Carlos14aViotti, Juan Carlos 4aPlanificacion urbana 4aUrbanismo 4aDebates profesionales 4aPatrimonio industrial 4aRasario, Santa Fe, Argentina aOrdenanza: Nº 2966 aYerbatera Marin y Cia